Statistics for Helldivers 2 Planets

Click here to take the quiz!

General Stats

  • This quiz has been taken 6 times
  • The average score is 15 of 43

Answer Stats

Answer% Correct
Hellmire
80%
Choohe
60%
Cyberstan
60%
Estanu
60%
Fori Prime
60%
Marfark
60%
Oshaune
60%
Vernen wells
60%
Angel's Venture
40%
Crimsica
40%
Draupnir
40%
Erata Prime
40%
Fenrir III
40%
Malevalon Creek
40%
Menkent
40%
Meridia
40%
Omicron
40%
Penta
40%
Turing
40%
Ubanea
40%
Ustotu
40%
Vandalon IV
40%
Charbal-VII
20%
Charon Prime
20%
Choepessa IV
20%
Chort bay
20%
Durgen
20%
Ingmar
20%
lesath
20%
Maia
20%
Mantes
20%
Martale
20%
Matar bay
20%
Meissa
20%
Mort
20%
Nivel 43
20%
Popli IX
20%
Tibit
20%
Tien kwan
20%
Troost
20%
Veld
20%
Zagon Prime
20%
Mekbuda
0%

Score Distribution

Percentile by Number Answered

Percent of People with Each Score

Your Score History

You have not taken this quiz